ბათუმის შოთა რუსთაველის სახელმწიფო უნივერსიტეტის ბიბლიოთეკა

მართვის(მმართველობითი)სოციოლოგია (ბიბ.ჩანაწერი № 51341)

000 -LEADER
fixed length control field 01012nam a2200265Ia 4500
001 - CONTROL NUMBER
control field 18310
003 - CONTROL NUMBER IDENTIFIER
control field GE_BSU
008 - FIXED-LENGTH DATA ELEMENTS--GENERAL INFORMATION
fixed length control field 181216s||||||||xx |||||||||||||| ||und||
020 ## - INTERNATIONAL STANDARD BOOK NUMBER
International Standard Book Number 9789941921308
040 ## - CATALOGING SOURCE
Transcribing agency GE_BSU
080 ## - UNIVERSAL DECIMAL CLASSIFICATION NUMBER
Universal Decimal Classification number 316.354:351/354
100 ## - MAIN ENTRY--PERSONAL NAME
Personal name ფენენკო,ი.ვ.
245 ## - TITLE STATEMENT
Title მართვის(მმართველობითი)სოციოლოგია
245 ## - TITLE STATEMENT
Statement of responsibility, etc. მთავ.რედ. ნ.ერიაშვილი., რედ.ს.ბარამიძე., მ.სულხანიშვილი
260 ## - PUBLICATION, DISTRIBUTION, ETC.
Place of publication, distribution, etc. თბილისი
260 ## - PUBLICATION, DISTRIBUTION, ETC.
Name of publisher, distributor, etc. სამართლიანი საქართველო
260 ## - PUBLICATION, DISTRIBUTION, ETC.
Date of publication, distribution, etc. 2012
300 ## - PHYSICAL DESCRIPTION
Extent 240გვ.21
300 ## - PHYSICAL DESCRIPTION
Accompanying material ბიბლ.გვ.231-237
520 ## - SUMMARY, ETC.
Summary, etc. პარალ.სათ.რუს.
653 ## - INDEX TERM--UNCONTROLLED
Uncontrolled term მართვის(მმართველობითი)სოციოლოგია
653 ## - INDEX TERM--UNCONTROLLED
Uncontrolled term მენეჯმენტი
942 ## - ADDED ENTRY ELEMENTS (KOHA)
Koha item type წიგნი
ეგზემპლარები
Withdrawn status Lost status Damaged status Not for loan Date acquired Barcode Date last seen Price effective from Koha item type
        2018-12-17 46736 2018-12-17 2018-12-17 წიგნი
        2018-12-17 46737 2018-12-17 2018-12-17 წიგნი